Normal view
MARC view
Entry Personal Name
001 - CONTROL NUMBER
- control field: 539784
003 - CONTROL NUMBER IDENTIFIER
- control field: OSt
005 - DATE AND TIME OF LATEST TRANSACTION
- control field: 20220930080735.0
008 - FIXED-LENGTH DATA ELEMENTS
- fixed length control field: 220930|| aca||aabn | a|a d
040 ## - CATALOGING SOURCE
- Original cataloging agency: OSt
- Transcribing agency: OSt
100 ## - HEADING--PERSONAL NAME
- Personal name: Dr. Shilpi Agrawal Gu
670 ## - SOURCE DATA FOUND
- Source citation: Work cat.: (OSt)870375: Apurva Prakash 539783, Evaluation of sentinel lymph node biopsy after neoadjuvant chemotherapy in stage III carcinoma breast, 2007
